| 000 | 00585nam a2200217Ia 4500 | ||
|---|---|---|---|
| 008 | 220204s9999 xx 000 0 und d | ||
| 082 |
_a581.132 _bAVR.1 |
||
| 245 | 0 | _aProceedings of the third International Congress on photosynthesis. V1 | |
| 260 |
_aAmsterdam _bElsevier _c1975 |
||
| 650 | _aChlorophyll | ||
| 650 | _aChloroplast | ||
| 650 | _aChromatophore | ||
| 650 | _aCytochrome | ||
| 650 | _aElectron transport | ||
| 650 | _aFluorescence | ||
| 650 | _aPhosphorylation | ||
| 650 | _aPhotosynthesis | ||
| 650 | _aPhotosystem | ||
| 700 | _aAVRON, Mordhay | ||
| 942 | _cBK | ||
| 999 |
_c33662 _d33662 |
||